000 01034na a2200277 4500
001 13339
003 MIRAKIL
005 20181213154908.0
008 161024b tu 000 0
020 _a9759605155
035 _a13339
040 _aMilas
_btur
_cTR-AnCHP
041 _atur
082 _a305.42
_bK22 2000
090 _a305.42 K22 2000
245 _aKadının sosyal hayata katılımı ve siyasal mobilizasyonu
_cHazırlayan Kadının Sosyal Hayatını Araştırma Ve İnceleme Derneği ; Yayına Hazırlayan Yıldız Tokman
260 _aAnkara
_bKadının Sosyal Hayatını Araştırma ve İnceleme Derneği
_c2000
300 _a111 s.
_btbl.
_c24 sm.
490 _aKadının Sosyal Hayatını Araştırma ve İnceleme Derneği yayınları
_v17
650 _aKadınlar
_xSiyasal haklar
_zTürkiye
650 _aKadınlar
_xSosyal yaşam
650 _aKadınlar
_xSiyasal katılım
700 _aTokman, Yıldız
710 _aKadının Sosyal Hayatını Araştırma Ve İnceleme Derneği
942 _2ddc
_cBKS
999 _c2744
_d2744